| 000 | 00460nam a2200193Ia 4500 | ||
|---|---|---|---|
| 005 | 20250423094727.0 | ||
| 008 | 250422s9999 xx 000 0 und d | ||
| 020 | _a0442255454 | ||
| 050 | _aQD 31 .MOR/ | ||
| 100 | _aMortimer, Charles E. | ||
| 245 | 0 | _aChemistry : A conceptual apprroach. | |
| 250 | _aFourth ed. | ||
| 260 | _aNew York | ||
| 260 | _bD.Van Nostrand Company | ||
| 260 | _c1979 | ||
| 300 | _a815 p | ||
| 650 | _aChemistry | ||
| 942 | _cBK | ||
| 999 |
_c28114 _d28114 |
||